|
|
|
|
| LEADER |
01536nam a2200289 a 4500 |
| 001 |
4887746 |
| 008 |
091224s1993 cau b 001 0 eng d |
| 010 |
|
|
|a 93017332
|
| 020 |
|
|
|a 0803943482 (cloth)
|
| 020 |
|
|
|a 0803943490 (pbk.)
|
| 040 |
|
|
|a DLC
|c DLC
|d DLC
|d BD-DhAAL
|
| 082 |
0 |
0 |
|a 322/.3/0973
|2 20
|
| 245 |
0 |
0 |
|a Corporate political agency :
|b the construction of competition in public affairs /
|c Barry M. Mitnick, editor.
|
| 260 |
|
|
|a Newbury Park, Calif. :
|b Sage Publications,
|c c1993.
|
| 300 |
|
|
|a viii, 327 p. ;
|c 23 cm.
|
| 490 |
0 |
|
|a Sage focus editions ;
|v v. 163
|
| 504 |
|
|
|a Includes bibliographical references and index.
|
| 541 |
1 |
|
|e 00007220
|
| 650 |
|
0 |
|a Business and politics
|z United States.
|
| 650 |
|
0 |
|a Corporations
|z United States
|x Political activity.
|
| 700 |
1 |
|
|a Mitnick, Barry M.
|
| 852 |
4 |
|
|a Ayesha Abed Library
|j General Shelf.
|
| 999 |
|
|
|c 6427
|d 6427
|
| 952 |
|
|
|0 0
|1 0
|2 ddc
|4 0
|6 322_309730000000000_COR_1993
|7 0
|9 6495
|a BRACUL
|b BRACUL
|c GEN
|d 2009-12-27
|g 0.00
|l 0
|o 322.30973 COR
|p 3010007220
|r 2009-12-27
|t 1
|w 2009-12-27
|y BK
|x No price found in the accession register.
|
| 952 |
|
|
|0 0
|1 0
|2 ddc
|4 0
|6 322_309730000000000_COR
|7 0
|9 24254
|a SCL
|b SCL
|c GEN
|d 1998-11-02
|l 0
|o 322.30973 COR
|p 3020000103
|r 2014-04-28
|t 2
|w 2014-04-28
|y BK
|
| 952 |
|
|
|0 0
|1 0
|2 ddc
|4 0
|6 322_309730000000000_COR
|7 0
|9 24257
|a SCL
|b SCL
|c GEN
|d 1998-11-01
|l 0
|o 322.30973 COR
|p 3020000087
|r 2014-04-28
|t 3
|w 2014-04-28
|y BK
|
| 952 |
|
|
|0 0
|1 0
|2 ddc
|4 0
|6 322_309730000000000_COR
|7 0
|9 42906
|a SCL
|b SCL
|c GEN
|d 1999-01-29
|l 0
|o 322.30973 COR
|p 3020001497
|r 2014-07-06
|t 4
|w 2014-07-06
|y BK
|